000
00308nam a2200109 4500
999
_c
9787
_d
9787
008
180717b ||||| |||| 00| 0 eng d
245
_a
Strengthen digital dev't strategies.
260
_a
Davao City
_b
Sun Star Davao
_c
c2017
300
_a
page 9.
650
0
_9
28995
_a
Technological innovations.
942
_2
ddc
_c
PER